000 00284nam a22001217a 4500
008 160512b xxu||||| |||| 00| 0 eng d
020 _a9780071614085
020 _a9780071614085
041 _aeng
080 _a616.12
245 _aCardiology:
_cRagavendra R. Baliga;
942 _2udc
_cBK
999 _c2133
_d2133